00506cam a22001811 4500020001500000082001900015100002200034245005300056260002900109300003000138490001700168500003100185526003700216650000800253650001600261650000900277650003800286 a0405047622 a355.34bROGcD1 aRogerson, Sidney,10aPropaganda in the next war,cby Sidney Rogerson. aLondon,bG. Blesc[1938] aviii, 187, [1] p.c21 cm.0 aThe next war a"First published in 1938." a0b0c0d355_340000000000000_ROG 0aMCE 0aPropaganda. 0aWar. 0aWorld War, 1914-1918xPropaganda.